| 000 | 00345nam a22001217a 4500 | ||
|---|---|---|---|
| 082 |
_a658 _bALL _cAllen, Louis A. |
||
| 245 |
_aManagement and organization / _cLouis A Allen |
||
| 260 |
_aLondon : _bMcGraw Hill Book Company, _c1958. |
||
| 300 | _ax, 353 p. : | ||
| 526 |
_a0 _b0 _c0 _d658_000000000000000_ALL |
||
| 650 |
_aMCE _9379 |
||
| 942 |
_2ddc _cBK |
||
| 999 |
_c548389 _d548389 |
||